000 00872cmm a22003617a 4500
001 12510
003 DO-SdBNP
005 20180226104919.0
007 12510
008 010822s 1994 cau bq m eng d
010 _a 2001561839
017 _a
_b
020 _a
024 1 _a
035 _a
040 _aBPMSU
_cspa
_dBPMSU
042 _a
050 0 0 _a
245 0 0 _aMath blaster :
_bsecret of the lost city /
246 3 0 _a
260 _aTorrance, CA :
_bDavidson,
_a1994
_b
_c
300 _a28 p. :
_bil. ;
_c25 cm.
500 _a Versión ages 8 to 13
500 _a
505 _gEpisode 2-
_tSecret of the lost city
520 _a
521 _aAges 8-13
538 _a
710 _5The Davidson Company Charter
942 _2ddc
_cBK
945 _aInventariado, 2018 / BT
956 _2VMATEO
_310
_620160419
_8BPMSU
_a0069
999 _c9838
_d9838